Score 0/25 Timer 20:00
21 Plays Today
Item Status % Correct


Grey Sweater




???
100%



Backpack




???
77.2%



Mini Skirt




???
76.9%


Brown Socks




???
71.8%


Basketball Shorts




???
56.5%


Heavy Metal T-Shirt



???
51.7%



Swimsuit




???
46.7%


Strapless Bikini




???
44.1%



Flip Flops




???
44.1%


Blue Suede Shoes



???
38.2%


Red Scarf




???
36.2%



Blue Cap




???
35.7%


Leather Jacket




???
33%
Item Status % Correct


Blue Jeans




???
32.4%


Corduroy Pants




???
27.8%


Plain White T-Shirt



???
27%


Purple Tank Top




???
26.8%


Fleece Jacket




???
23.6%



Sombrero




???
23%


Red Pants




???
22.1%


Black Beret




???
18%


Strapless Dress




???
17.3%



Sneakers




???
15.3%


Black Jeans




???
15.1%


Green Sweater




???
13.9%
Remove Ads.
Support Sporcle.
Get the best of Sporcle when you Go Orange. This ad-free experience offers more features, more stats, and more fun while also helping to support Sporcle. Thank you for becoming a member.

You're not logged in!

Compare scores with friends on all Sporcle quizzes.
OR
Log In

Show Comments

Extras

Top Quizzes Today


Score Distribution

Your Account Isn't Verified!

In order to create a playlist on Sporcle, you need to verify the email address you used during registration. Go to your Sporcle Settings to finish the process.

Report this User

Report this user for behavior that violates our Community Guidelines.

Details: